000 00357nam a22001337a 4500
040 _aNSHS
082 _a297.37
_bHAM
_21985
100 _aHameedullah, Dr Muhammad
_951136
245 _aخطبات بہاول پور
260 _aRawalpindi,
_bServices book club,
_c2005.
300 _a424p.
526 _a0
_b0
_c0
_d297_000000000000000_HAM
942 _2ddc
_cBK
999 _c553893
_d553893